Country Flags by Upper Half #3 - Statistics

General Stats
  • This quiz has been taken 25 times
  • The average score is 14 of 16
Answer Stats
Picture Answer % Correct
Australia
100%
Mexico
100%
Kenya
96%
Lebanon
96%
Switzerland
96%
Uruguay
96%
Vietnam
96%
Bhutan
91%
Jamaica
91%
Maldives
83%
Montenegro
83%
San Marino
83%
Tunisia
83%
Kiribati
74%
Gabon
70%
Madagascar
57%
No matching quizzes found
Score Distribution
Percent of People with Each Score
Percentile by Number Answered
Your Score History
You have not taken this quiz